| 000 | 00490nam a2200157 i 4500 | ||
|---|---|---|---|
| 001 | 138255 | ||
| 003 | ES-MaACL | ||
| 005 | 20230906195530.0 | ||
| 007 | t| | ||
| 008 | 070214s1919 sp |||| | spa d | ||
| 100 | 1 |
_aSánchez Torres, Enrique. _9102958 |
|
| 245 | 1 | 0 |
_aViaje al cielo empíreo _b: ida y vuelta : poema / _cpor Enrique Sánchez Torres. |
| 260 |
_aMadrid : _b[s. n.], _c1919 ( _fEstab. Tip. de Juan Pérez Torres) |
||
| 300 |
_a206 p. ; _c18 cm. |
||
| 852 |
_aES-MaACL _jF-1656 |
||
| 999 |
_c138255 _d138255 |
||